| 000 | 00559cam a22001934a 4500 | ||
|---|---|---|---|
| 001 | 12714247 | ||
| 005 | 20250204153905.0 | ||
| 008 | 020322s2002 enka b 001 0 eng | ||
| 020 | _a0273651692 (alk. paper) | ||
| 050 | 0 | 0 |
_aHG4521 _b.L627 2002 |
| 082 | 0 | 0 |
_a332.6 _221 |
| 100 | 1 | _aLevy, Haim. | |
| 245 | 1 | 0 |
_aFundamentals of investments / _cHaim Levy. |
| 260 |
_aHarlow, England ; _aNew York : _bFinancial Times/Prentice Hall, _c2002. |
||
| 300 |
_axxix, 569 p. : _bill. ; _c25 cm. |
||
| 650 | 0 | _aSecurities. | |
| 650 | 0 | _aInvestments. | |
| 942 |
_2lcc _cBK _n0 |
||
| 999 |
_c3432 _d3432 |
||